00465cam a2200169ua 45000010005000000080039000050200022000440400009000660820010000751000021000852450054001062500009001602600048001693000017002176530026002346530035002604325111223n ii |||gr||||Z||||||eng a978-81-7139-321-3 cMAIN a305.41 aTrivedi, Tanuja,11aIndian women and globalisationcby Tanuja Trivedi a1st. aNew Delhi:bJnanada Prakashan (P&D),c2009. a311p:c23cm. aSocial group of women aIndian women and globalisation